| 000 | 00781nam a22002651 4500 | ||
|---|---|---|---|
| 001 | 16017 | ||
| 003 | BD-RjUL | ||
| 005 | 20211208235931.0 | ||
| 008 | 140211s1941 nyua 001 0 eng | ||
| 035 | _a(BD-RjUL)16072 | ||
| 040 |
_aDLC _cDLC _dDLC _beng |
||
| 041 | _aeng | ||
| 082 | 0 | 0 |
_a658.87 _bBAP 1941 |
| 100 | 1 |
_aBarker, Clare Wright. _949609 |
|
| 245 | 1 | 0 |
_aPrinciples of retailing / _c[by] Clare Wright Barker, Ira Dennis Anderson [and] J. Donald Butterworth. |
| 250 | _a2nd ed. | ||
| 260 |
_aNew York : _bMcGraw-Hill, _c1941. |
||
| 300 |
_a494 p. : _billus. ; _c24 cm. |
||
| 504 | _aincludes index | ||
| 650 | 0 |
_aRetail trade _zUnited States. _948145 |
|
| 650 | 0 |
_aDepartment stores. _949610 |
|
| 942 |
_2ddc _cBK |
||
| 999 |
_c16017 _d16017 |
||